Z iloma krajami sąsiaduje to państwo? - Statystyki

Ogólne statystyki
  • Ten quiz został rozwiązany 482 razy
  • Średni wynik to 10 z 20
Statystyki odpowiedzi
Zagadnienie Odpowiedź % Poprawnych
Z iloma krajami sąsiaduje San Marino? (łatwe) 1
83%
Z iloma krajami sąsiaduje Polska? (łatwe) 7
83%
Z iloma krajami sąsiaduje Madagaskar? (średnie) 0
75%
Z iloma krajami sąsiadują Stany Zjednoczone? (łatwe) 2
67%
Z iloma krajami sąsiaduje Panama? (trudne) 2
67%
Z iloma krajami sąsiadują Czechy? (łatwe) 4
67%
Z iloma krajami sąsiaduje Korea Południowa? (średnie) 1
58%
Z iloma krajami sąsiaduje Norwegia? (łatwe) 3
58%
Z iloma krajami sąsiaduje Gambia? (bardzo trudne) 1
50%
Z iloma krajami sąsiaduje Oman i Jemen razem? (bardzo trudne) 2
50%
Z iloma krajami sąsiaduje Argentyna? (trudne) 5
50%
Z iloma krajami sąsiaduje Rosja? (trudne) 13
42%
Z iloma krajami sąsiaduje Litwa, Łotwa i Estonia razem? (bardzo trudne) 3
42%
Z iloma krajami sąsiaduje Chorwacja? (średnie) 4
33%
Z iloma krajami sąsiaduje Bułgaria? (trudne) 5
33%
Z iloma krajami sąsiaduje Libia? (trudne) 6
33%
Z iloma krajami sąsiaduje Ukraina? (średnie) 7
33%
Z iloma krajami sąsiaduje Francja? (średnie) 8
25%
Z iloma krajami sąsiadują Kongo i Demokratyczna Republika Konga razem? (bardzo trudne) 10
17%
Z iloma krajami sąsiaduje Zambia? (bardzo trudne) 8
8%
Nie znaleziono quizów pasujących do podanych kryteriów
Rozkład punktacji
Procent ludzi z każdym wynikiem
Percentyl według liczby udzielonych odpowiedzi
Twoja historia wyników
Nie rozwiązałeś tego quizu